カイロソフトのゲーム - Statistics

General Stats
  • This quiz has been taken 13 times
  • The average score is 10 of 124
Answer Stats
Answer % Correct
ゲーム発展国++
69%
箱庭タウンズ
54%
お住まい夢物語
46%
創造タウンズ島
46%
ゆけむり温泉郷
38%
サッカークラブ物語
31%
常夏プールパレス
31%
ドラえもんのどら焼き屋さん物語
31%
ゆけむり温泉郷2
31%
大自然ものがたり
23%
名門ポケット学院
23%
開店デパート日記
23%
星になったカイロくん
23%
海鮮!!すし街道
23%
冒険ダンジョン村
23%
こだわりラーメン館
23%
箱庭シティ鉄道
23%
名門ポケット学院2
23%
サッカークラブ物語2
23%
Oh!財閥タウンズ
23%
Oh!財閥タウンズ2
23%
財閥タウンズV
23%
アストロ探検隊
15%
まんが一本道〆
15%
合戦!!にんじゃ村
15%
開拓サバイバル島
15%
ともだち芸能舎
15%
ジャンボ空港物語
15%
開店デパート日記2
15%
冒険ダンジョン村2
15%
名門ポケット学院3
15%
開幕!!パドックGP
15%
青空発掘カンパニー
8%
ミリオン行進曲♪
8%
クルーズ大紀行
8%
大盛グルメ食堂
8%
大江戸タウンズ
8%
発掘☆ピラミッド王国
8%
夢おこし商店街
8%
テニスクラブ物語
8%
発進!!ヒーロー基地
8%
きらめきスキー白書
8%
野球部ものがたり
8%
冒険キングダム島
8%
バスケクラブ物語
8%
創作ハンバーガー堂
8%
開店コンビニ日記
8%
南国バカンス島
8%
平安京ものがたり
8%
プロレスリング物語
8%
G1牧場ステークス
8%
開幕!!パドックGP2
8%
ゲーム発展途上国
0%
本屋物語
0%
まんが奥の細道
0%
ゲームショップ物語
0%
ミリオン音楽組合
0%
パドック大作戦
0%
さよならカイロくん
0%
ピコピコ!ゲーム博覧会
0%
ロイヤル画廊アカデミー
0%
ワクワク!まんが道場
0%
出港!!コンテナ丸
0%
ワイワイ!ゲーム販売店
0%
カードチェンジ牧場
0%
アパレル洋品店
0%
アニメスタジオ物語
0%
ゲームセンター倶楽部
0%
創作♪パティシエ部
0%
ふれあい出版局
0%
大海賊クエスト島
0%
大空ヘクタール農園
0%
ソーシャル夢物語
0%
ぱくぱくカイロくん
0%
おおぞら飛行隊
0%
ひっぱり!!ネコ番長
0%
こだわりラーメン館〜全国編〜
0%
まほうつかいクエスト
0%
開園ピクセル牧場
0%
大魔法クエスト
0%
放課後ファイター倶楽部
0%
発見どうぶつ公園
0%
わいわいクエスト物語
0%
映画スタジオ物語
0%
風雲☆ボクシング物語
0%
森林キャンプが丘
0%
ゆうえんち夢物語
0%
つくろう!ゴルフの森
0%
探検わんぱく動物園
0%
喫茶ブレンド物語
0%
洞窟ぼうけん団
0%
おいでよカイロパーク
0%
ソフ子ちゃん劇場
0%
ももこちゃん劇場
0%
カイロくん劇場
0%
海の家ものがたり
0%
バドミントン物語
0%
パカパカ馬サーキット
0%
カイロくん一攫千金
0%
出荷!カイロくん
0%
フロッピーカイロくん
0%
鍵っ子ボウイ
0%
カイロくんと埋蔵金
0%
アブさん家の秘宝
0%
カイロくんダッシュ!!
0%
カイロくんレポーターになる
0%
名探偵カイロくん
0%
ダンシングカイロくん
0%
放課後アドベンチャー
0%
ゲーム発展途上国2
0%
まんが奥の細道2
0%
ゲームショップ物語2
0%
CARD CHANGE
0%
ゲーム発展途上国IIDX
0%
ゲーム発展国Mini
0%
あおぞらSTG
0%
The 古本屋
0%
The 古本屋 弐
0%
THE古本屋2015
0%
TVスタジオ物語
0%
No matching quizzes found
Score Distribution
Percent of People with Each Score
Percentile by Number Answered
Your Score History
You have not taken this quiz